<?xml version="1.0" encoding="UTF-8"?>
<record
    xmlns:xsi="http://www.w3.org/2001/XMLSchema-instance"
    xsi:schemaLocation="http://www.loc.gov/MARC21/slim http://www.loc.gov/standards/marcxml/schema/MARC21slim.xsd"
    xmlns="http://www.loc.gov/MARC21/slim">

  <leader>02973cam a2200421 a 4500</leader>
  <controlfield tag="001">6866141</controlfield>
  <controlfield tag="005">20170105102937.0</controlfield>
  <controlfield tag="008">080116s2009    nyu      b    001 0 eng  </controlfield>
  <datafield tag="010" ind1=" " ind2=" ">
    <subfield code="a">  2008002207</subfield>
  </datafield>
  <datafield tag="020" ind1=" " ind2=" ">
    <subfield code="a">9780415432269 (hardback : alk. paper)</subfield>
  </datafield>
  <datafield tag="020" ind1=" " ind2=" ">
    <subfield code="a">041543226X (hardback : alk. paper)</subfield>
  </datafield>
  <datafield tag="020" ind1=" " ind2=" ">
    <subfield code="a">9780415432276 (pbk. : alk. paper)</subfield>
  </datafield>
  <datafield tag="020" ind1=" " ind2=" ">
    <subfield code="a">0415432278 (pbk. : alk. paper)</subfield>
  </datafield>
  <datafield tag="020" ind1=" " ind2=" ">
    <subfield code="a">9780203894194 (ebook : alk. paper)</subfield>
  </datafield>
  <datafield tag="020" ind1=" " ind2=" ">
    <subfield code="a">0203894197 (ebook : alk. paper)</subfield>
  </datafield>
  <datafield tag="035" ind1=" " ind2=" ">
    <subfield code="a">(OCoLC)ocn191207246</subfield>
  </datafield>
  <datafield tag="035" ind1=" " ind2=" ">
    <subfield code="a">(OCoLC)191207246</subfield>
  </datafield>
  <datafield tag="035" ind1=" " ind2=" ">
    <subfield code="a">(NNC)6866141</subfield>
  </datafield>
  <datafield tag="040" ind1=" " ind2=" ">
    <subfield code="a">DLC</subfield>
    <subfield code="c">DLC</subfield>
    <subfield code="d">BAKER</subfield>
    <subfield code="d">YDXCP</subfield>
    <subfield code="d">BTCTA</subfield>
    <subfield code="d">BWK</subfield>
    <subfield code="d">OCLCG</subfield>
    <subfield code="d">OrLoB-B</subfield>
  </datafield>
  <datafield tag="050" ind1="0" ind2="0">
    <subfield code="a">JZ5588</subfield>
    <subfield code="b">.R49 2009.</subfield>
  </datafield>
  <datafield tag="082" ind1="0" ind2="0">
    <subfield code="a">355.033</subfield>
    <subfield code="2">22</subfield>
    <subfield code="b">RET 2008</subfield>
  </datafield>
  <datafield tag="245" ind1="0" ind2="0">
    <subfield code="a">Rethinking insecurity, war and violence :</subfield>
    <subfield code="b">beyond savage globalization? /</subfield>
    <subfield code="c">edited by Damian Grenfell and Paul James.</subfield>
  </datafield>
  <datafield tag="260" ind1=" " ind2=" ">
    <subfield code="a">New York, NY :</subfield>
    <subfield code="b">Routledge,</subfield>
    <subfield code="c">2009.</subfield>
  </datafield>
  <datafield tag="263" ind1=" " ind2=" ">
    <subfield code="a">0807</subfield>
  </datafield>
  <datafield tag="300" ind1=" " ind2=" ">
    <subfield code="a">233 p. ;</subfield>
    <subfield code="c">24 cm.</subfield>
  </datafield>
  <datafield tag="490" ind1="1" ind2=" ">
    <subfield code="a">Rethinking globalizations ;</subfield>
    <subfield code="v">15</subfield>
  </datafield>
  <datafield tag="504" ind1=" " ind2=" ">
    <subfield code="a">Includes bibliographical references and index.</subfield>
  </datafield>
  <datafield tag="505" ind1="0" ind2="0">
    <subfield code="g">Pt. I.</subfield>
    <subfield code="t">Globalizing insecurity -- </subfield>
    <subfield code="g">1.</subfield>
    <subfield code="t">Debating insecurity in a globalizing world: an introduction /</subfield>
    <subfield code="r">Damian Grenfell and Paul James -- </subfield>
    <subfield code="g">2.</subfield>
    <subfield code="t">Globalization and the changing face of war /</subfield>
    <subfield code="r">Paul James and Jonathan Friedman -- </subfield>
    <subfield code="g">3.</subfield>
    <subfield code="t">Globalization and the limits of current security paradigms /</subfield>
    <subfield code="r">Ronaldo Munck -- </subfield>
    <subfield code="g">4.</subfield>
    <subfield code="t">Global capitalism and the production of insecurity /</subfield>
    <subfield code="r">James Goodman -- </subfield>
    <subfield code="g">Pt. II.</subfield>
    <subfield code="t">Reconceptualizing security -- </subfield>
    <subfield code="g">5.</subfield>
    <subfield code="t">New wars and the therapeutic security paradigm /</subfield>
    <subfield code="r">Michael Humphrey -- </subfield>
    <subfield code="g">6.</subfield>
    <subfield code="t">Beyond the construction of consent in the War on Terror /</subfield>
    <subfield code="r">Kirsty Best -- </subfield>
    <subfield code="g">7.</subfield>
    <subfield code="t">Environmental security, climate change, and globalizing terrorism /</subfield>
    <subfield code="r">Robyn Eckersley -- </subfield>
    <subfield code="g">8.</subfield>
    <subfield code="t">Recasting Western knowledges about (postcolonial) security /</subfield>
    <subfield code="r">Phillip Darby -- </subfield>
    <subfield code="g">Pt. III.</subfield>
    <subfield code="t">Rethinking localized transnational conflicts -- </subfield>
    <subfield code="g">9.</subfield>
    <subfield code="t">Zones of conflict and the global War on Terror /</subfield>
    <subfield code="r">Martin Griffiths -- </subfield>
    <subfield code="g">10.</subfield>
    <subfield code="t">Political regimes in Southeast Asia and the War on Terror /</subfield>
    <subfield code="r">Garry Rodan -- </subfield>
    <subfield code="g">11.</subfield>
    <subfield code="t">Insecurity, risk, identity and violence in Kosovo /</subfield>
    <subfield code="r">John Tulloch -- </subfield>
    <subfield code="g">12.</subfield>
    <subfield code="t">Beyond Ethnocracy and conflict in Israel/Palestine? /</subfield>
    <subfield code="r">Oren Yiftachel -- </subfield>
    <subfield code="g">Pt. IV.</subfield>
    <subfield code="t">Renewal in the aftermath of violence -- </subfield>
    <subfield code="g">13.</subfield>
    <subfield code="t">Governance: rule and reconstruction after war /</subfield>
    <subfield code="r">Richard Caplan -- </subfield>
    <subfield code="g">14.</subfield>
    <subfield code="t">Reconciliation: violence and nation formation in Timor-Leste /</subfield>
    <subfield code="r">Damian Grenfell -- </subfield>
    <subfield code="g">15.</subfield>
    <subfield code="t">Recovery: taming the rwa bhineda after the Bali bombings /</subfield>
    <subfield code="r">Jeff Lewis and Belinda Lewis -- </subfield>
    <subfield code="g">16.</subfield>
    <subfield code="t">Resilience: wantoks, transnational traders and global politics /</subfield>
    <subfield code="r">John Handmer and Wei Choong.</subfield>
  </datafield>
  <datafield tag="650" ind1=" " ind2="0">
    <subfield code="a">Security, International.</subfield>
  </datafield>
  <datafield tag="650" ind1=" " ind2="0">
    <subfield code="a">Political violence.</subfield>
  </datafield>
  <datafield tag="650" ind1=" " ind2="0">
    <subfield code="a">Globalization.</subfield>
  </datafield>
  <datafield tag="700" ind1="1" ind2=" ">
    <subfield code="a">Grenfell, Damian.</subfield>
  </datafield>
  <datafield tag="700" ind1="1" ind2=" ">
    <subfield code="a">James, Paul</subfield>
    <subfield code="q">(Paul Warren),</subfield>
    <subfield code="d">1958-</subfield>
  </datafield>
  <datafield tag="830" ind1=" " ind2="0">
    <subfield code="a">Rethinking globalizations ;</subfield>
    <subfield code="v">15.</subfield>
  </datafield>
  <datafield tag="900" ind1=" " ind2=" ">
    <subfield code="b">TOC</subfield>
  </datafield>
  <datafield tag="942" ind1=" " ind2=" ">
    <subfield code="2">ddc</subfield>
    <subfield code="c">BK</subfield>
  </datafield>
  <datafield tag="948" ind1="1" ind2=" ">
    <subfield code="a">20080827</subfield>
    <subfield code="b">c</subfield>
    <subfield code="c">sds12</subfield>
    <subfield code="d">MPS</subfield>
  </datafield>
  <datafield tag="999" ind1=" " ind2=" ">
    <subfield code="c">16312</subfield>
    <subfield code="d">16312</subfield>
  </datafield>
  <datafield tag="952" ind1=" " ind2=" ">
    <subfield code="0">0</subfield>
    <subfield code="1">0</subfield>
    <subfield code="4">0</subfield>
    <subfield code="7">0</subfield>
    <subfield code="8">NFIC</subfield>
    <subfield code="a">CIPS</subfield>
    <subfield code="b">CIPS</subfield>
    <subfield code="c">GEN</subfield>
    <subfield code="d">2016-03-22</subfield>
    <subfield code="l">0</subfield>
    <subfield code="o">355.033 RET 2008</subfield>
    <subfield code="p">CIPS0002696</subfield>
    <subfield code="r">2016-03-22</subfield>
    <subfield code="w">2016-03-22</subfield>
    <subfield code="y">BK</subfield>
  </datafield>
</record>
